The Office Episode Titles Quiz - Statistics

General Stats
  • This quiz has been taken 28 times
  • The average score is 23 of 201
Answer Stats
Hint Answer % Correct
1x01 Pilot
95%
1x02 Diversity Day
62%
1x05 Basketball
57%
1x06 Hot Girl
57%
2x01 The Dundies
57%
6x04 | 6x05 Niagara
48%
2x22 Casino Night
43%
4x13 Dinner Party
43%
4x18 | 4x19 Goodbye, Toby
43%
2x11 Booze Cruise
38%
9x24 | 9x25 Finale
38%
3x01 Gay Witch Hunt
38%
2x02 Sexual Harassment
38%
1x03 Health Care
33%
7x22 Goodbye, Michael
29%
2x05 Halloween
29%
2x03 Office Olympics
29%
2x04 The Fire
29%
3x08 The Merger
29%
3x23 Beach Games
24%
4x10 Branch Wars
24%
2x10 Christmas Party
24%
4x01 | 4x02 Fun Run
24%
6x06 Mafia
24%
2x19 Michael's Birthday
24%
6x15 Sabre
24%
5x14 | 5x15 Stress Relief
24%
2x14 The Carpet
24%
2x13 The Secret
24%
7x03 Andy's Play
19%
5x28 Company Picnic
19%
4x16 Did I Stutter?
19%
4x03 | 4x04 Dunder Mifflin Infinity
19%
2x17 Dwight's Speech
19%
5x20 New Boss
19%
2x08 Performance Review
19%
6x12 Scott's Tots
19%
1x04 The Alliance
19%
2x07 The Client
19%
3x03 The Coup
19%
3x24 | 3x25 The Job
19%
7x17 Threat Level Midnight
19%
9x22 | 9x23 A.A.R.M.
14%
3x10 | 3x11 A Benihana Christmas
14%
3x07 Branch Closing
14%
5x03 Business Ethics
14%
3x06 Diwali
14%
2x09 Email Surveillance
14%
6x08 Koi Pond
14%
7x21 Michael's Last Dundies
14%
4x07 | 4x08 Money
14%
6x10 Murder
14%
3x16 Phyllis' Wedding
14%
7x04 Sex Ed
14%
8x15 Tallahassee
14%
3x02 The Convention
14%
6x17 | 6x18 The Delivery
14%
2x06 The Fight
14%
2x12 The Injury
14%
2x16 Valentine's Day
14%
9x03 Andy's Ancestry
10%
5x26 Casual Friday
10%
8x10 Christmas Wishes
10%
7x11 | 7x12 Classy Christmas
10%
5x05 Crime Aid
10%
7x19 Garage Sale
10%
8x19 Get the Girl
10%
5x19 Golden Ticket
10%
6x01 Gossip
10%
3x05 Initiation
10%
4x05 | 4x06 Launch Party
10%
8x03 Lotto
10%
5x23 Michael Scott Paper Company
10%
5x11 Moroccan Christmas
10%
6x20 New Leads
10%
4x11 Survivor Man
10%
2x18 Take Your Daughter to Work Day
10%
3x09 The Conflict
10%
5x12 The Duel
10%
9x17 The Farm
10%
8x01 The List
10%
3x19 The Negotiation
10%
7x18 Todd Packer
10%
5x21 Two Weeks
10%
5x01 | 5x02 Weight Loss
10%
7x09 WUPHF.com
10%
8x21 Angry Andy
5%
5x04 Baby Shower
5%
3x12 Back from Vacation
5%
3x15 Ben Franklin
5%
5x18 Blood Drive
5%
2x15 Boys and Girls
5%
5x25 Broke
5%
3x17 Business School
5%
5x27 Cafe Disco
5%
4x14 Chair Model
5%
9x12 Customer Loyalty
5%
5x07 Customer Survey
5%
6x09 Double Date
5%
5x22 Dream Team
5%
2x20 Drug Testing
5%
9x09 Dwight Christmas
5%
5x06 Employee Transfer
5%
8x22 Fundraiser
5%
8x08 Gettysburg
5%
3x04 Grief Counseling
5%
4x17 Job Fair
5%
8x13 Jury Duty
5%
9x10 Lice
5%
7x01 Nepotism
5%
9x01 New Guys
5%
4x15 Night Out
5%
8x07 Pam's Replacement
5%
7x16 PDA
5%
8x12 Pool Party
5%
5x13 Prince Family Paper
5%
3x21 Product Recall
5%
6x11 Shareholder Meeting
5%
8x14 Special Project
5%
8x05 Spooked
5%
9x19 Stairmageddon
5%
6x19 St. Patrick's Day
5%
6x14 The Banker
5%
6x07 The Lover
5%
6x16 The Manager and the Salesman
5%
6x02 The Meeting
5%
6x03 The Promotion
5%
7x14 The Seminar
5%
7x20 Training Day
5%
7x13 Ultimatum
5%
7x08 Viewing Party
5%
3x22 Women's Appreciation
5%
8x16 After Hours
0%
6x23 Body language
0%
5x08 Business Trip
0%
7x10 China
0%
7x07 Christening
0%
3x18 Cocktails
0%
2x21 Conflict Resolution
0%
7x06 Costume Contest
0%
7x02 Counseling
0%
9x15 Couples Discount
0%
8x06 Doomsday
0%
7x24 Dwight K. Schrute, (Acting) Manager
0%
5x09 Frame Toby
0%
8x24 Free Family Portrait Studio
0%
8x04 Garden Party
0%
6x21 Happy Hour
0%
5x24 Heavy Competition
0%
9x05 Here Comes Treble
0%
9x13 Junior Salesman
0%
8x18 Last Day in Florida
0%
5x16 Lecture Circuit: Part 1
0%
5x17 Lecture Circuit: Part 2
0%
9x21 Livin' the Dream
0%
4x09 Local Ad
0%
9x16 Moving On
0%
8x09 Mrs. California
0%
9x20 Paper Airplane
0%
9x18 Promos
0%
9x02 Roy's Wedding
0%
3x20 Safety Traning
0%
7x25 | 7x26 Search Committee
0%
6x22 Secretary's Day
0%
6x13 Secret Santa
0%
9x11 Suit Warehouse
0%
8x17 Test the Store
0%
9x06 The Boat
0%
6x25 The Chump
0%
6x24 The Cover-Up
0%
4x12 The Deposition
0%
8x02 The Incentive
0%
7x23 The Inner CIrcle
0%
3x14 The Return
0%
7x15 The Search
0%
7x05 The Sting
0%
5x10 The Surplus
0%
9x08 The Target
0%
9x07 The Whale
0%
3x13 Traveling Salesman
0%
8x11 Trivia
0%
8x23 Turf War
0%
9x14 Vandalism
0%
8x20 Welcome Party
0%
6x26 Whistleblower
0%
9x04 Work Bus
0%
No matching quizzes found
Score Distribution
Percent of People with Each Score
Percentile by Number Answered
Your Score History
You have not taken this quiz